Egyességi átalány feletti forgalomkülönbözet forgalmi adója
Elmentve itt :
| Dokumentumtípus: | Cikk |
|---|---|
| Megjelent: |
1929
|
| Sorozat: | Polgári jog : a hazai és külföldi magánjog és hiteljog szemléje
5 |
| Kulcsszavak: | Forgalmi adózás jogi szabályozás |
| Online Access: | http://misc.bibl.u-szeged.hu/5374 |
| LEADER | 00604nab a2200157 i 4500 | ||
|---|---|---|---|
| 001 | misc5374 | ||
| 005 | 20191106142721.0 | ||
| 008 | 170607s1929 hu o 0|| hun d | ||
| 040 | |a SZTE Miscellanea Repozitórium |b hun | ||
| 041 | |a hun | ||
| 245 | 0 | 0 | |a Egyességi átalány feletti forgalomkülönbözet forgalmi adója |h [elektronikus dokumentum] |
| 260 | |c 1929 | ||
| 300 | |a 244-245b | ||
| 490 | 0 | |a Polgári jog : a hazai és külföldi magánjog és hiteljog szemléje |v 5 | |
| 695 | |a Forgalmi adózás jogi szabályozás | ||
| 856 | 4 | 0 | |u http://misc.bibl.u-szeged.hu/5374/1/polgari_jog_1929_244-245b.pdf |z Dokumentum-elérés |